Welcome to the Holygrace Academy Library

Please use search bar below to get started

CHARULATHA (Record no. 8663)

MARC details
000 -LEADER
fixed length control field 00349nam a22001457a 4500
082 ## - DEWEY DECIMAL CLASSIFICATION NUMBER
Classification number 894.812.3
Item number TAG/C
100 ## - MAIN ENTRY--AUTHOR NAME
Personal name TAGOOR, RAVINDRANATH
245 ## - TITLE STATEMENT
Title CHARULATHA
246 ## - VARYING FORM OF TITLE
Title proper/short title CHARULATHA
Remainder of title CHARULATHA
260 ## - PUBLICATION, DISTRIBUTION, ETC. (IMPRINT)
Place of publication THRISSUR, KERALA, INDIA
Name of publisher GREEN BOOKS
Year of publication 2022
300 ## - PHYSICAL DESCRIPTION
Number of Pages 115
520 ## - SUMMARY, ETC.
Summary, etc BIOGRAPHY
650 ## - SUBJECT ADDED ENTRY--TOPICAL TERM
Topical Term MALAYALAM BIOGRAPHY
942 ## - ADDED ENTRY ELEMENTS (KOHA)
Koha item type Books
Holdings
Withdrawn status Lost status Collection code Home library Current library Shelving location Date acquired Source of acquisition Cost, normal purchase price Full call number Accession Number Koha item type
    Fiction Main Library Main Library NEW SHELF WITH NEW ENTRY 07/03/2024 PURCHASED 120.00 894.812.3 TAG/C 13589 Books